| 000 | 03321nam a22002657a 4500 | ||
|---|---|---|---|
| 001 | 216216928 | ||
| 003 | UA-OsUOA | ||
| 005 | 20201117120255.0 | ||
| 008 | 200420b un ||||| m||| 00| 0 ukr d | ||
| 040 |
_aUA-OsUOA _bukr _cUA-OsUOA _dUA-OsUOA |
||
| 041 | _aukr | ||
| 080 | _a343.98 | ||
| 090 | _a343.98 | ||
| 095 |
_a12.00.09 _bкримінальний процес та криміналістика; судова експертиза; оперативно-розшукова діяльність |
||
| 100 | _aЧорноус Ю. М. | ||
| 245 |
_aКриміналістичне забезпечення досудового слідства у справах про злочини міжнародного характеру _cЧорноус Юлія Миколаївна ; наук. керівник Кузьмічов Володимир Сергійович |
||
| 260 |
_aКиїв _c2013 |
||
| 300 | _a31 с. | ||
| 502 |
_6Автореферат дисертації на здобуття наукового ступеня доктора юридичних наук
_cНаціональна академія внутрішніх справ _d2013 |
||
| 520 | _aУ дисертації на основі вивчення наукових праць з криміналістики, оперативно-розшукової діяльності, кримінального процесуального, кримінального, міжнародного, конституційного та інших галузей права, міжнародного та національного законодавства, узагальнення практики його реалізації, здійснено комплексний аналіз теоретичних і практичних основ криміналістичного забезпечення досудового слідства у справах про злочини міжнародного характеру. Зокрема, розкрито теоретичні засади криміналістичного забезпечення досудового слідства у справах про злочини міжнародного характеру; сформульовано поняття та криміналістичну характеристику злочинів міжнародного характеру; розкрито правові та організаційні засади досудового слідства у справах про злочини міжнародного характеру; охарактеризовано міжнародне співробітництво при розслідуванні злочинів міжнародного характеру; з’ясовано особливості реалізації криміналістичного забезпечення досудового слідства у справах про злочини міжнародного характеру. | ||
| 650 |
_2UDC _a343 Кримінальне право. Карні порушення |
||
| 942 |
_2udc _cAR |
||
| 955 | _a1 | ||
| 999 |
_c458920 _d458920 |
||